000 00791nas a2200265 4500
001 BR0601201
003 BR-BrBNA
005 20231205105907.0
007 ta
008 230509b bl.|||p| |||| 00| 00por d
040 _aBR-BrBNA
_bpor
_cBiblioteca Nacional de Agricultura
041 _a(Pt)
072 _aF50; F02
100 1 _aZárate, N.A.H.
100 1 _aVieira, M. do C.
245 1 _aProdução da araruta 'comum' proveniente de três tipos de propágulos
650 _aMARANTA ARUNDINACEAE
650 _aARARUTA
650 _aMUDA
650 _aRIZOMA
650 _aPRODUÇÃO VEGETAL
773 0 _tCiência e Agrotecnologia (Brazil)
_xISSN 1413-7054
_g(Sep-Oct 2005), v. 29(5) p. 995-1000
_wBR0601201
909 _a202311
_bLúcia
_c55
_dLúcia Elande
942 _2AGRIS
_n0
_cANA
999 _c185226
_d185226